WWE Superstars by (Men's) Royal Rumble Appearances - Statistics

General Stats
  • This quiz has been taken 157 times
    31 since last reset
  • The average score is 146 of 389
Answer Stats
# of Appearances Years they appeared Answer % Correct
20 1996, 1997, 1999, 2000, 2001, 2002, 2003, 2004, 2005, 2006, 2007, 2008, 2009, 2010, 2011, 2013, 2014, 2015, 2016, 2021 Isaac Yankem/Fake Diesel/Kane
91%
9 2002, 2003, 2004, 2005, 2006, 2007, 2011, 2012, 2023 Booker T/King Booker
87%
9 2003, 2004, 2005, 2008 (W), 2010, 2011, 2013 (W), 2018, 2025 John Cena
87%
16 2003, 2005, 2006 (W), 2009, 2011, 2013, 2014, 2018, GRR, 2019, 2020, 2021, 2022, 2023 (X), 2025, 2026 Rey Mysterio
87%
11 1991, 1992, 1993, 1997, 2001, 2002, 2003, 2007 (W), 2008, 2009, 2017 The Undertaker
87%
9 2014, 2015, 2017, 2018, GRR, 2019, 2020, 2021, 2022 Big E
83%
11 2000, 2003, 2004, 2005, 2009, 2010, 2012, 2013, 2016, 2017, GRR Chris Jericho
83%
15 2009, 2010, 2011, 2012, 2013, 2014, 2015, 2016, 2017, 2018, GRR, 2019, 2020, 2021, 2022 Dolph Ziggler
83%
5 2021, 2022, 2023, 2024, 2025 Dominik Mysterio
83%
9 1996, 1997, 1999, 2002 (W), 2006, 2008, 2009, 2010, 2016 (W) Hunter Hearst Helmsley/Triple H
83%
11 2011, 2012 (W), 2013, 2014, 2016, 2017, 2018, 2021, 2022, 2023, 2025 Sheamus
83%
17 2007, 2008, 2009, 2010, 2012, 2013, 2014, 2015, 2016, 2017, 2018, 2020, 2021, 2023, 2024, 2025, 2026 The Miz
83%
12 2000, 2001, 2002, 2004, 2006, 2009, 2010, 2011, 2012, 2015, 2016, 2017 Big Show
78%
7 2003 (W), 2016, 2017, 2020, 2022 (W), 2023, 2026 Brock Lesnar
78%
8 2007, 2008, 2009, 2010, 2011, 2014, 2024, 2025 CM Punk
78%
4 1989, 1990 (W), 1991 (W), 1992 Hulk Hogan
78%
15 2004, 2006, 2007, 2009 (W), 2011, 2012, 2013, 2017 (W), 2018, GRR, 2019, 2020, 2021, 2022, 2026 Randy Orton
78%
4 1997, 1998, 2000 (W), 2001 Rocky Maivia/The Rock
78%
12 1989, 1990, 1992, 1994, 1995 (W), 1996 (W), 2003, 2005, 2006, 2007, 2008, 2010 Shawn Michaels
78%
6 1996, 1997 (W), 1998 (W), 1999, 2001 (W), 2002 The Ringmaster/Stone Cold Steve Austin
78%
5 2003, 2005 (W), 2008, 2010, 2014 (W) Batista
74%
6 2000, 2002, 2003, 2004, 2005, 2021 Christian
74%
5 2011, 2013, 2015, GRR, 2021 Daniel Bryan
74%
9 2010, 2011, 2013, 2019, 2020 (W), 2022, 2023, 2024, 2025 Drew McIntyre
74%
9 1999, 2000, 2003, 2005, 2007, 2010 (W), 2020, 2021 (W), 2023 Edge
74%
16 2009, 2010, 2011, 2012, 2013, 2014, 2015, 2016, 2017, 2018, GRR, 2019, 2020, 2022, 2023, 2024 Kofi Kingston
74%
7 2014, 2018, 2019 (W), 2020, 2021, 2023, 2025 Seth "Freakin" Rollins
74%
5 2016, 2020, 2021, 2022, 2025 AJ Styles
70%
11 2008, 2009, 2010, 2012, 2013, 2014, 2015, 2016, 2023 (W), 2024 (W), 2026 Cody Rhodes/Stardust
70%
4 1994, 1996, 2011, 2014 Diesel/Kevin Nash
70%
6 2001, 2002, 2003, 2007, 2019, 2021 Jeff Hardy
70%
5 2002, 2004, 2005, GRR, 2019 Kurt Angle
70%
7 1997, 1998 (3), 2004, 2008, 2012 Mankind/Cactus Jack/Dude Love/Mick Foley
70%
10 1998, 1999, 2004, 2008, 2009, 2010, 2011, 2016, 2017, GRR Mark Henry
70%
8 2001, 2002, 2003, 2004, 2006, 2007, 2010, 2018 Matt Hardy
70%
8 2014, 2015 (W), 2016, 2017, 2018, 2020, 2025, 2026 (W) Roman Reigns
70%
7 2016, 2017, 2018, 2021, 2022, 2024, 2025 Sami Zayn
70%
11 2003, 2004, 2005, 2006, 2007, 2008, 2009, 2010, GRR, 2019, 2020 Shelton Benjamin
70%
3 2011 (W), 2014, 2016 Alberto Del Rio
65%
8 2016, 2017, GRR (W), 2019, 2020, 2021, 2023, 2025 Braun Strowman
65%
5 1988, 1990, 1991, 1994 (W), 1997 Bret Hart
65%
4 2004 (W), 2005, 2006, 2007 Chris Benoit
65%
13 1997, 1998, 1999, 2002, 2003, 2006, 2009, 2013, 2014, 2015, 2016, 2018, GRR Goldust/The Artist Formerly Known as Goldust
65%
5 2012, 2014, 2024, 2025 (W), 2026 Jey Uso
65%
3 2014, 2024, 2025 Jimmy Uso
65%
4 2016, GRR, 2020, 2022 Kevin Owens
65%
5 1992 (W), 1993, 2005, 2006, 2007 Ric Flair
65%
7 2018 (W), 2019, 2020, 2021, 2022, 2024, 2025 Shinsuke Nakamura
65%
5 2014, 2015, 2016, 2017, 2019 Dean Ambrose
61%
10 1993, 1994, 1995, 1996, 1997, 2000, 2001, 2002, 2003, 2004 Fatu/The Sultan/Rikishi
61%
5 1988 (W), 1991, 1992, 2009, 2012 Jim Duggan
61%
1 2005 Luther Reigns
61%
7 1993, 1994, 1995, 1996, 1997, 1998, 1999 Owen Hart
61%
5 1989, 1990, 1991, 1992, 1993 Smash/Repo Man
61%
6 2017, 2018, GRR, 2019, 2021, 2023 Xavier Woods
61%
2 1989, 1990 Andre the Giant
57%
7 1994, 1995, 1999, 2000, 2001, 2002, 2004 Billy Gunn
57%
6 1998, 2000, 2001, 2002, 2004, 2014 Blackjack Bradshaw/Bradshaw/JBL
57%
6 2006, GRR, 2019, 2021, 2023, 2024 Bobby Lashley
57%
1 2015 Bubba Ray Dudley
57%
7 2006, 2007, 2008, 2009, 2010, 2021, 2024 Carlito
57%
3 2003, 2004, 2005 Charlie Haas
57%
5 2021, 2022, 2023, 2024, 2025, 2026 Damian Priest
57%
1 1990 Dusty Rhodes
57%
4 2018, 2023, 2024, 2025 Finn Bálor
57%
4 2011, 2013, 2018, GRR Heath Slater
57%
4 1989, 1990, 1998, 2001 Honky Tonk Man
57%
5 2011, 2015, 2016, 2017, 2018 Husky Harris/Bray Wyatt
57%
5 2008, 2009, 2011, 2012, 2013 Santino Marella
57%
2 GRR, 2022 Shane McMahon
57%
1 1999 (W) Vince McMahon
57%
2 1993 (W), 1996 Yokozuna
57%
3 1996, 1999, 2000 1-2-3 Kid/X-Pac
52%
1 1989 Arn Anderson
52%
2 1989, 1990 Ax
52%
1 1989 (W) Big John Studd
52%
5 GRR, 2022, 2023, 2025, 2026 Chad Gable/El Grande Americano
52%
2 1999, 2000 Chyna
52%
1 2010 Evan Bourne
52%
2 2004, 2017 Goldberg
52%
2 GRR, 2020 Karl Anderson
52%
9 2001, 2009, 2010, 2011, 2012, 2014, 2015, 2016, 2024 K-Kwik/R-Truth
52%
4 2014, 2015, 2016, 2017 Luke Harper
52%
6 1989, 1990, 1991 (X), 1992, 1993, 1994 Randy Savage
52%
2 2004, 2005 Rene Dupree
52%
6 2002, 2003, 2004, 2006, 2007, 2009 Rob Van Dam
52%
6 2014, 2015, 2016, 2017, 2018, 2026 Rusev
52%
5 1999, 2000, 2001, 2002, 2003 Test
52%
9 2007, 2008, 2009, 2010, 2011, 2012, 2013, 2014, GRR The Great Khali
52%
8 2017, 2018, GRR, 2019, 2020, 2021, 2022, 2023 Baron Corbin/King Corbin/Happy Corbin
48%
3 1994, 1995, 1997 Bart Gunn
48%
2 2003, 2005 Eddie Guerrero
48%
3 2023, 2024, 2026 Gunther
48%
2 2025, 2026 Jacob Fatu
48%
2 2003, 2008 Jamal/Umaga
48%
1 1995 Jimmy Del Ray
48%
8 2006, 2007, 2008, 2009, 2010, 2011, 2020, 2021 Johnny Nitro/John Morrison
48%
2 2025, 2026 LA Knight
48%
9 1994, 1995, 1996, 1999, 2000, 2005, 2006, 2007, 2008 Mabel/King Mabel/Viscera/Big Daddy V
48%
2 2002, 2003 Maven
48%
5 1989, 1990, 1991, 1993, 2002 Mr. Perfect
48%
3 1988, 1989, 1990 One Man Gang/Akeem
48%
2 2025, 2026 Penta
48%
6 2000, 2001, 2002, 2003, 2004, 2013 Prince Albert/Albert/A-Train/Tensai
48%
1 1991 Road Warrior Hawk
48%
1 2004 Spike Dudley
48%
2 1988, 1990 The Ultimate Warrior
48%
4 2011, 2012, 2013, 2015 Wade Barrett/Bad News Barrett
48%
3 2001, 2009, 2011 William Regal
48%
1 2018 Adam Cole
43%
2 2019, 2020 Aleister Black
43%
3 2024, 2025, 2026 Bron Breakker
43%
7 2013, 2014, 2015, 2017, 2018, 2020, 2021 Cesaro
43%
5 2003, 2006, 2007, 2008, 2011 Chavo Guerrero
43%
3 2014, 2016, 2020 Erick Rowan
43%
5 1997, 1998, 2000, 2001, 2002 Faarooq
43%
4 1990, 1991, 1992, 2001 Haku
43%
4 1997, 1999, 2000, 2012 Jesse James/Road Dogg
43%
4 1990, 1991, 1992, 2008 Jimmy Snuka
43%
1 1988 Junkyard Dog
43%
2 1994 (W), 1995 Lex Luger
43%
3 2023, 2025, 2026 Logan Paul
43%
1 2012 Michael Cole
43%
1 2019 Nia Jax
43%
3 2022, 2023, 2024 Omos
43%
2 2005, 2006 Orlando Jordan
43%
1 1994 Rick Steiner
43%
3 1990, 1992, 2008 Roddy Piper
43%
4 2013, 2014, 2015, 2016 Ryback
43%
2 1994, 2004 Scott Steiner
43%
7 1994, 1996, 2000, 2001, 2005, 2007, 2008 Sparky Plugg/Bob Holly/Hardcore Holly
43%
4 1989, 1990, 1992, 1993 Ted DiBiase
43%
3 2009, 2010, 2011 Ted DiBiase Jr.
43%
4 1999, 2000, 2001, 2002 Val Venis
43%
5 2010, 2011, 2013, 2015, 2026 Zack Ryder/Matt Cardona
43%
1 2015 Adam Rose
39%
2 1997, 1998 Ahmed Johnson
39%
4 1999, 2000, 2001, 2002 Al Snow
39%
2 1989, 1990 Bad News Brown
39%
1 2010 Beth Phoenix
39%
3 GRR, 2020, 2022 Bobby Roode/Robert Roode
39%
1 1989 Brutus Beefcake
39%
3 1989, 1991, 1995 Bushwhacker Butch
39%
3 1989, 1991, 1995 Bushwhacker Luke
39%
2 2000, 2001 Crash Holly
39%
4 1991, 1994, 1995, 1997 Crush
39%
3 2011, 2012, 2013 David Otunga
39%
3 1998, 1999, 2000 D-Lo Brown
39%
4 1990, 1991, 1993, 1999 Earthquake/Golga
39%
2 2011, 2012 Ezekiel Jackson
39%
3 2007, 2008, 2009 Finlay
39%
4 1989, 1991, 1992, 1994 Greg Valentine
39%
3 2008, 2011, GRR Hornswoggle
39%
6 2010, 2011, 2012, 2014, 2015, 2016 Jack Swagger
39%
7 1988, 1989, 1990, 1991, 1992, 1996, 1997 Jake Roberts
39%
4 1994, 1998, 1999, 2019 Jeff Jarrett
39%
4 1993, 1996, 1997, 2012 Jerry Lawler
39%
3 1988, 1990, 1991 Jim Neidhart
39%
4 2012, 2013, 2018, 2019 Jinder Mahal
39%
2 2019, 2023 Johnny Gargano
39%
1 2020 Keith Lee
39%
3 2024, 2025, 2026 Ludwig Kaiser/“El Grande Americano”
39%
4 1989, 1990, 1994, 1996 Marty Jannetty
39%
2 1994, 1995 Mo
39%
1 2016 Neville
39%
8 1993, 1996, 1998, 1999, 2000, 2001, 2002, 2013 Papa Shango/Kama/Kama Mustafa/The Godfather/The Goodfather
39%
1 2001 Raven
39%
2 1991, 2006 Road Warrior Animal
39%
2 2019, 2020 Samoa Joe
39%
4 1993, 1994, 1996, 2006 Tatanka
39%
1 2001 Tazz
39%
6 1991, 1992, 1995, 1996, 1997, 2000 The British Bulldog
39%
4 1989, 1990, 1991, 1992 The Warlord
39%
6 2013, 2015, 2016, 2018, GRR, 2019 Titus O'Neil
39%
3 2003, 2007, 2008 Tommy Dreamer
39%
1 GRR Tucker Knight
39%
2 1991, 1993 Tugboat/Typhoon
39%
3 1996, 1997, 1998 Vader
39%
4 2018, 2019, 2024, 2025 Andrade
35%
4 2022, 2023, 2024, 2026 Austin Theory
35%
1 1994 Bam Bam Bigelow
35%
5 1989, 1992, 1999, 2000, 2002 Big Boss Man
35%
2 2013, GRR Bo Dallas
35%
2 2024, 2026 Bronson Reed
35%
3 2013, 2014, 2015 Damien Sandow/Mizdow
35%
1 2013 Darren Young
35%
1 2026 Dragon Lee
35%
1 2001 Drew Carey
35%
2 1995, 1998 (X) Eli Blu/Skull
35%
1 2014 El Torito
35%
1 1997 Fake Razor Ramon
35%
2 2005, 2008 Gene Snitsky
35%
1 1998 Headbanger Thrasher
35%
4 1995, 1996, 1997, 1998 Henry O. Godwinn
35%
3 2012, 2015, GRR Hunico/"Sin Cara"
35%
2 1995, 1998 Jacob Blu/8-Ball
35%
2 2011, 2012 Justin Gabriel
35%
1 2002 Lance Storm
35%
2 GRR, 2020 Luke Gallows
35%
4 2011, 2015, 2016, GRR Michael McGillicutty/Curtis Axel
35%
1 1997 Mil Mascaras
35%
3 1989, 1990, 1993 Red Rooster/Terry Taylor
35%
3 2004, 2018, GRR Rhyno
35%
7 1989, 1990, 1991, 1992, 1993, 1994, 1995 Rick Martel
35%
1 2004 Rico
35%
5 2020, 2021, 2022, 2023, 2024 Ricochet
35%
1 1989 Ronnie Garvin
35%
1 2007 Sabu
35%
1 1992 Sgt. Slaughter
35%
1 2013 Sin Cara
35%
4 1998, 1999, 2000, 2001 Steve Blackman
35%
4 1989, 1990, 1992, 1995 The Barbarian/Sione
35%
6 1988, 1989, 1990, 1991, 1992, 1993 Tito Santana
35%
2 1994, 1995 Adam Bomb
30%
4 2017, 2018, GRR, 2019 Apollo Crews
30%
2 2017, GRR Big Cass
30%
1 2009 Brian Kendrick
30%
2 1991, 1993 Brian Knobbs
30%
1 1988 Butch Reed
30%
2 2024, 2025 Carmelo Hayes
30%
4 2006, 2007, 2010, 2011 Chris Masters
30%
2 2002, 2015 Diamond Dallas Page
30%
1 1996 Dory Funk Jr
30%
1 2017 Enzo Amore
30%
1 1997 Flash Funk
30%
2 1999, 2000 Gangrel
30%
1 1988 Harley Race
30%
2 1998, 2000 Headbanger Mosh
30%
4 1989, 1990, 1991, 1992 Hercules
30%
1 2024 Ivar
30%
1 2008 Jamie Noble
30%
1 2025 Joe Hendry
30%
1 2006 Joey Mercury
30%
2 1998, 1999 Ken Shamrock
30%
1 2005 Kenzo Suzuki
30%
1 2012 Kharma
30%
2 1997, 1998 Marc Mero
30%
2 1988, 1992 Nikolai Volkoff
30%
1 2004 Nunzio
30%
1 2026 Oba Femi
30%
4 2021, 2022, 2023, 2025 Otis
30%
1 2024 Pat McAfee
30%
2 1997, 1998 Phineas I. Godwinn
30%
1 2026 Rey Fenix
30%
1 2022 Ridge Holland
30%
1 1991 Shane Douglas
30%
1 2026 Solo Sikoa
30%
1 1995 Steve Dunn
30%
2 2003, 2004 Tajiri
30%
2 1997, 1998 Terry Funk/Chainsaw Charlie
30%
1 1999 The Blue Meanie
30%
6 2002, 2004, 2005, 2007, 2018, 2021 The Hurricane/Gregory Helms/Hurricane Helms
30%
1 2026 Trick Williams
30%
2 2011, 2015 Tyson Kidd
30%
2 2002, 2008 Chuck Palumbo
26%
2 GRR, 2019 Curt Hawkins
26%
6 2018, GRR, 2019, 2020, 2021, 2023 Elias
26%
2 2000, 2001 Grandmaster Sexay
26%
1 2024 Grayson Waller
26%
2 1992, 1993 Jerry Sags
26%
1 2017 Kalisto
26%
1 1995 King Kong Bundy
26%
2 1998, 1999 Kurrgan
26%
1 2026 La Parka
26%
1 2005 Mark Jindrak
26%
1 2004 Matt Morgan
26%
3 2020, 2021, 2022 Matt Riddle/Riddle
26%
1 1993 Max Moon
26%
2 2017, GRR Mojo Rawley
26%
2 2022, 2023 Montez Ford
26%
1 2026 Mr. Iguana
26%
1 2008 Mr Kennedy
26%
1 1991 Paul Roma
26%
2 2001, 2002 Perry Saturn
26%
1 2012 Ricardo Rodriguez
26%
1 1990 Rick Rude
26%
2 1988, 1989 Ron Bass
26%
1 2003 Rosey
26%
2 2005, 2006 Simon Dean
26%
2 2006, 2007 Super Crazy
26%
2 1992, 1993 The Berzerker
26%
1 2007 The Sandman
26%
2 1991, 1992 The Texas Tornado
26%
2 2017, GRR Tye Dillinger
26%
2 2010, 2011 Yoshi Tatsu
26%
2 2022, 2023 Angelo Dawkins
22%
1 1996 Barry Horowitz
22%
1 1988 B. Brian Blair
22%
5 1993, 1994, 1995, 1996, 2000 Bob Backlund
22%
1 2013 Brodus Clay
22%
1 1993 Carlos Colon
22%
1 1999 Dan Severn
22%
3 1988, 1990, 1991 Dino Bravo
22%
1 1988 Don Muraco
22%
1 1999 Droz
22%
2 1995, 1996 Duke Droese
22%
1 2006 Eugene
22%
1 1988 Hillbilly Jim
22%
1 2025 IShowSpeed
22%
1 2026 Je’Von Evans
22%
1 1988 Jim Brunzell
22%
2 2005, 2006 Jonathan Coachman
22%
3 2009, 2010, 2011 JTG
22%
2 2023, 2024 Karrion Kross
22%
1 2007 Kevin Thorn
22%
3 1989, 1990, 1993 Koko B. Ware
22%
1 1997 Latin Lover
22%
1 2022 Madcap Moss
22%
1 2011 Mason Ryan
22%
1 2009 Mike Knox
22%
4 2007, 2009, 2010, 2020 Montel Vontavious Porter
22%
2 2019, 2021 Mustafa Ali
22%
1 2005 Paul London
22%
2 2012, GRR Primo
22%
1 2022 Rick Boogs
22%
1 1991 Saba Simba
22%
2 1993, 1994 Samu
22%
3 2023, 2024, 2025 Santos Escobar
22%
4 2000, 2001, 2002, 2005 Scotty 2 Hotty
22%
2 1992, 1993 Skinner
22%
1 1999 Tiger Ali Singh
22%
1 1989 Tully Blanchard
22%
2 1995, 1996 Aldo Montoya
17%
1 GRR Babatunde
17%
1 2003 Bill DeMott
17%
1 1992 Col. Mustafa
17%
1 1993 Damien Demento
17%
1 2005 Daniel Puder
17%
1 GRR Dash Wilder
17%
1 1995 Dick Murdoch
17%
2 1994, 1995 Doink the Clown
17%
1 2012 Epico
17%
1 2004 Ernest Miller
17%
2 1993, 1994 Genichiro Tenryu
17%
1 1999 Gillberg
17%
1 1996 Hakushi
17%
1 2017 Jack Gallagher
17%
1 2007 Kenny Dykstra
17%
1 GRR Konnor
17%
5 1994, 1995, 1996, 1997, 1998 Kwang/Savio Vega
17%
1 2019 No Way Jose
17%
1 1997 Pierroth Jr
17%
1 2006 Psicosis
17%
1 GRR Roderick Strong
17%
1 1988 Sam Houston
17%
1 GRR Scott Dawson
17%
1 1992 Sid Justice
17%
1 1996 Squat Team #1
17%
1 1996 Squat Team #2
17%
1 2006 Sylvan Grenier
17%
1 2015 The Boogeyman
17%
1 1995 Timothy Well
17%
1 1995 Tom Prichard
17%
1 GRR Tony Nese
17%
1 2006 Trevor Murdoch
17%
3 1992, 1993, 1994 Virgil
17%
2 2009, 2011 Vladimir Kozlov
17%
1 2018 Aiden English
13%
2 2011, 2012 Alex Riley
13%
1 2022 Bad Bunny
13%
1 1994 (X) Bastion Booger
13%
1 1988 Boris Zhukov
13%
2 2001, 2003 Bull Buchanan/B2
13%
1 2003 Christopher Nowinski
13%
1 1988 Danny Davis
13%
1 1996 Doug Gilbert
13%
1 GRR Drew Gulak
13%
1 GRR Hiroki Sumi
13%
1 2017 James Ellsworth
13%
1 2022 Johnny Knoxville
13%
1 1995 Mantaur
13%
1 2005 Muhammad Hassan
13%
1 1996 Takao Omori
13%
2 2016, GRR Tyler Breeze
13%
1 2011 Tyler Reks
13%
1 GRR Viktor
13%
1 1998 Chainz
9%
1 1997 Cibernetico
9%
1 GRR Dan Matha
9%
1 2008 Elijah Burke
9%
3 2014, 2015, GRR Fandango
9%
1 2026 Ilja Dragunov
9%
1 2026 Royce Keys
9%
1 1998 Tom Brandi
9%
2 1992, 1993 Irwin R Schyster
4%
1 2024 JD McDonaugh
4%
1 GRR Mike Kanellis
4%
1 2019 Pete Dunne
4%
1 1994 The Great Kabuki
4%
No matching quizzes found
Score Distribution
Percent of People with Each Score
Percentile by Number Answered
Your Score History
You have not taken this quiz since the last reset